La transmisión de la propiedad

Bewaard in:
Bibliografische gegevens
Hoofdauteur: Sansón Rodríguez, María Victoria (Auteur)
Formaat: Boek
Taal:Spaans
Gepubliceerd in: Madrid Marcial Pons 1998
Reeks:Monografías Jurídicas
Onderwerpen:
Tags: Voeg label toe
Geen labels, Wees de eerste die dit record labelt!

MARC

LEADER 00000nam a2200000 a 4500
001 UCM0810
003 CL-VaPUC
008 020315e19980000SP |||||||||||||||||spa|d
082 0 4 |a 340.54  |b SAN  |2 21 
100 0 |a Sansón Rodríguez, María Victoria  |e author  |9 467805 
245 1 3 |a La transmisión de la propiedad 
300 |a 265 p 
942 |c BK 
945 |d 20020315 00:00:00  |a vberengu 
260 |a Madrid  |b Marcial Pons  |c 1998 
650 0 |a Derecho romano  |9 255930 
650 0 |a Propiedad   |9 255268 
650 7 |a TITULOS DE DOMINIO  |2 CL-VaPUC  |9 380863 
583 |a last modification  |c 20020315 00:00:00  |k Rodrigo Vera 
490 0 |a Monografías Jurídicas 
999 |c 299628  |d 299626 
952 |0 0  |1 0  |4 0  |6 340_540000000000000_SAN_1998  |7 0  |8 A  |9 356369  |a BIBDER  |b BIBDER  |d 2019-11-21  |i 3731529  |o 340.54 SAN 1998  |p 3731529  |r 2023-01-25  |w 2019-11-21  |y BK  |k DER